000 00304nam a22001337a 4500
008 170313b xxu||||| |||| 00| 0 eng d
020 _a9781574440522
041 _aeng
080 _a591
100 _a7
101 _aSHM
245 _aINTERRELATIONSHIP BETWEEEN AND PLANTS
_cJOLIVET.P
942 _2udc
_cBK
999 _c7662
_d7662